Star Wars par images par lettre - A/B - Statistiques

Statistiques générales
  • Ce quiz a été pris 226 fois
  • Le résultat moyen est 10 sur 20
Statistiques - réponses
Par images Réponse % Correct
A{nakin Skywalker}
100%
BB-8
90%
Ahsoka Tano
88%
B{oba Fett}
88%
Amiral Ackbar
81%
Ben Solo
81%
Bail Organa
71%
Asajj Ventress
52%
Aayla Secura
46%
Bib Fortuna
40%
Beru Lars
38%
Boss Nass
32%
Barriss Offee
31%
Bo-Katan Kryze
28%
Adi Gallia
22%
Biggs Darklighter
20%
Agen Kolar
18%
Baze Malbus
14%
Bodhi Rook
13%
Aks Moe
2%
Aucun quiz correspondant
Distribution des résultats
% des personnes avec chaque résultat
Percentile par nombre de réponses
Votre historique - résultats
Vous n’avez pas pris ce quiz